000 00952nam0a22002771 4500
001 rc\963752
005 20250622060738.0
035 _a(NLR Aleph) 006133220
090 _a5583673
_c5583673
100 _a20041129d1982 |||y0rusy50 ca
101 0 _arus
102 _aRU
105 _aa |||||||||
200 1 _aОт сердца к сердцу
_eО жизни и творчестве О. Берггольц
205 _aДоп. изд.
210 _aЛ.
_cСов. писатель. Ленингр. отд-ние
_d1982
215 _a255 с., 10 л. ил.
_d21
600 1 _aБерггольц
_bО. Ф.
_f1910 - 1975
_gОльга Федоровна
_92053320
_3RU\NLR\AUTH\661231391
686 1 _aШ5(2=Р)7-4Берггольц
700 1 _aХренков
_bД.Т.
_f1919-
_gДмитрий Терентьевич
801 0 _aRU
_bNLR
_gpsbo
801 1 _aRU
_bELAR
_2rusmarc
852 _aNLR
_j82-3/5170
942 _cBOOK
980 _aNB